WizzAir Destinations - Statistics

General Stats
  • This quiz has been taken 197 times
    81 since last reset
  • The average score is 90 of 188
Answer Stats
Country Answer % Correct
Azerbaijan Baku
94%
Albania Tirana
94%
Austria Vienna
94%
Denmark Copenhagen
90%
Czech Republic Prague
88%
Italy Rome
88%
Armenia Yerevan
88%
Italy Milan
86%
France Nice
86%
France Paris
86%
Bulgaria Sofia
86%
Germany Berlin
84%
Greece Athens
82%
Hungary Budapest
82%
Bosnia & Herzegovina Sarajevo
82%
Croatia Split
82%
France Lyon
80%
Italy Naples
80%
Israel Tel Aviv
80%
Italy Venice
80%
Kazakhstan Astana
78%
Croatia Dubrovnik
78%
Poland Warsaw
78%
Jordan Amman
73%
Italy Palermo
73%
Bulgaria Varna
73%
Italy Bari
71%
Poland Krakow
71%
Kuwait Kuwait City
71%
Luxembourg Luxembourg
71%
Iceland Reykjavik
71%
Latvia Riga
71%
Italy Catania
69%
Germany Cologne
69%
Poland Gdansk
69%
Bahrain Manama
69%
Norway Oslo
69%
Kosovo Pristina
69%
Estonia Tallinn
69%
Lithuania Vilnius
69%
Egypt Alexandria
67%
Bulgaria Burgas
67%
Belgium Charleroi
67%
Egypt Hurghada
67%
Cyprus Larnaca
67%
North Macedonia Skopje
67%
Greece Thessaloniki
67%
Denmark Billund
65%
Italy Bologna
65%
Germany Hamburg
65%
Itally Turin
65%
Italy Genoa
63%
Portugal Lisbon
63%
Spain Madrid
63%
Maldives Male
63%
Montenegro Podgorica
63%
Portugal Porto
63%
Bosnia & Herzegovina Banja Luka
61%
Romania Bucharest
61%
Greece Corfu
61%
Greece Heraklion
61%
Greece Kos
61%
United Kingdom London
61%
Greece Rhodes
61%
Kazakhstan Almaty
59%
Spain Barcelona
59%
Serbia Belgrade
59%
Norway Bergen
59%
Greece Santorini
59%
Denmark Aarhus
57%
Hungary Debrecen
57%
United Arab Emirates Dubai
57%
Netherlands Eindhoven
57%
Turkey Istanbul
57%
Lithuania Kaunas
57%
Germany Dortmund
55%
Poland Katowice
55%
Oman Muscat
55%
Italy Pisa
55%
Egypt Sharm El Sheikh
55%
Italy Verona
55%
Poland Wroclaw
55%
United Arab Emirates Abu Dhabi
53%
Germany Hahn
53%
Spain Malaga
53%
Morocco Marrakesh
53%
Bulgaria Plovdiv
53%
Slovakia Bratislava
51%
Saudi Arabia Jeddah
51%
Greece Mykonos
51%
Poland Poznan
51%
Saudi Arabia Riyadh
51%
Norway Trondheim
51%
Kyrgyzstan Bishkek
49%
Germany Bremen
49%
Ukraine Kyiv
49%
Poland Lodz
49%
Turkey Antalya
47%
Romania Cluj
47%
Georgia Kutaisi
47%
United Kingdom Liverpool
47%
Sweden Stockholm
47%
Finland Turku
47%
Portugal Faro
45%
Sweden Gothenburg
45%
Spain Seville
45%
Turkey Ankara
43%
Italy Bergamo
43%
United Kingdom Edinburgh
43%
Germany Nuremberg
43%
Norway Tromso
43%
United Kingdom Birmingham
41%
Italy Chania
41%
Sweden Malmo
41%
Norway Stavanger
41%
Greece Zakynthos
41%
Spain Palma
39%
Spain Tenerife
39%
Bosnia & Herzegovina Tuzla
39%
Romania Iasi
37%
Spain Ibiza
37%
Poland Lublin
37%
Uzbekistan Tashkent
37%
Spain Valencia
37%
Morocco Agadir
35%
Italy Alghero
35%
Spain Alicante
35%
Italy Ancona
35%
Israel Eilat
35%
Egypt Giza
35%
Slovenia Ljubljana
35%
Egypt Marsa Alam
35%
Italy Olbia
35%
Jordan Aqaba
33%
Italy Brindisi
33%
Slovakia Kosice
33%
United Kingdom Leeds
33%
Portugal Madeira
33%
Serbia Nis
33%
Romania Timisoara
33%
United Kingdom Bristol
31%
Macedonia Ohrid
31%
Germany Memmingen
29%
France Grenoble
27%
Germany Karlsruhe
27%
Spain Lanzarote
27%
Italy Treviso
27%
Saudi Arabia Dammam
24%
Spain Fuerteventura
24%
Ukraine Lviv
24%
France Beauvais
22%
Romania Brasov
22%
Poland Bydgoszcz
22%
Romania Constanta
22%
Italy Pescara
22%
Poland Szczecin
22%
Italy Lamezia Terme
20%
Malta Luqa
20%
Poland Rzeszow
20%
Romania Sibiu
20%
Spain Zaragoza
20%
United Kingdom Aberdeen
18%
Romania Craiova
18%
Uzbekistan Samarkand
18%
Norway Alesund
16%
Turkey Dalaman
16%
Albania Kukes
16%
Italy Lampedusa
16%
Italy Perugia
16%
Oman Salalah
16%
Spain Santander
16%
Romania Suceava
16%
United Kingdom Belfast
14%
Poland Olsztyn
14%
Romania Bacau
12%
Germany Friedrichshafen
12%
France Mulhouse
12%
Slovakia Poprad
12%
Greece Preveza
12%
Norway Alta
10%
Romania Satu Mare
10%
Sweden Vaxjo
10%
Spain Castellon
8%
Norway Sandefjord
8%
Romania Targu Mures
6%
Egypt Sohag
4%
Italy Geneva
2%
Norway Haugesund
2%
No matching quizzes found
Score Distribution
Percent of People with Each Score
Percentile by Number Answered
Your Score History
You have not taken this quiz since the last reset